000 00238nam a2200097Ia 4500
001 705806
005 20250826162437.0
008 250824s9999 xx 000 0 und d
245 0 _aDOSTLAR SOFRASI
_cNASIR-I HUSREV
260 _bŞULE YAYINLARI
999 _c705806
_d705806